LEADER 00938cam2-22003131i-450- 001 990005469960403321 005 20060724105814.0 035 $a000546996 035 $aFED01000546996 035 $a(Aleph)000546996FED01 035 $a000546996 100 $a19990604d1971----km-y0itay50------ba 101 0 $aita 102 $aIT 105 $aaf------001yy 200 1 $aArte, cultura e societā nel '700$fFranco Venturi ... [et al.] 210 $aNapoli$cSocietā editrice Storia di Napoli$d1971 215 $a857 p., 8 tav.$cill.$d32 cm 461 0$1001000546947$12001$aStoria di Napoli$v08 610 0 $aNapoli$aStoria 676 $a945.73$v21$zita 702 1$aVenturi,$bFranco$f<1914-1994> 801 0$aIT$bUNINA$gRICA$2UNIMARC 901 $aBK 912 $a990005469960403321 952 $a945.73 NAP 1 (8)$bST.MED.MOD. 4779$fFLFBC 959 $aFLFBC 996 $aArte, cultura e societā nel '700$9587938 997 $aUNINA